The light of the word : (Record no. 106027)
[ view plain ]
| 000 -LEADER | |
|---|---|
| fixed length control field | 00539nam a2200157 a 4500 |
| 005 - DATE AND TIME OF LATEST TRANSACTION | |
| control field | 20140412111421.0 |
| 008 - FIXED-LENGTH DATA ELEMENTS--GENERAL INFORMATION | |
| fixed length control field | 080105s19uu xx 00 eng d |
| 020 ## - INTERNATIONAL STANDARD BOOK NUMBER | |
| International Standard Book Number | 978-0-545-01172-3 |
| 050 ## - LIBRARY OF CONGRESS CALL NUMBER | |
| Classification number | M 232.9 |
| Item number | P27 2008 |
| 100 ## - MAIN ENTRY--PERSONAL NAME | |
| Personal name | Paterson, Katherine |
| 245 ## - TITLE STATEMENT | |
| Title | The light of the word : |
| Remainder of title | The life of Jesus for children / |
| Statement of responsibility, etc | by Katherine Paterson; illustrated by Francois Roca. |
| 260 ## - PUBLICATION, DISTRIBUTION, ETC. (IMPRINT) | |
| Place of publication, distribution, etc | New York : |
| Name of publisher, distributor, etc | Arthur A. Levine Books, |
| Date of publication, distribution, etc | c2008. |
| 300 ## - PHYSICAL DESCRIPTION | |
| Extent | unpaged |
| 650 ## - SUBJECT ADDED ENTRY--TOPICAL TERM | |
| Topical term or geographic name as entry element | Jesus Christ |
| General subdivision | Biography |
| -- | Juvenile Literature |
| Withdrawn status | Lost status | Damaged status | Use restrictions | Home library | Current library | Shelving location | Date acquired | Source of acquisition | Cost, normal purchase price | Total Checkouts | Full call number | Barcode | Date last seen | Price effective from | Koha item type |
|---|---|---|---|---|---|---|---|---|---|---|---|---|---|---|---|
| Elizalde Library | Elizalde Library | Main Section | 01/05/2008 | 495.00 | M 232.9 P27 2008 | E11126 | 04/12/2014 | 04/12/2014 | Books |